Größten Vereine Ostdeutschlands - Statistiken

Allgemein
  • Dieses Quiz wurde 184 mal gespielt
  • Das Durchschnittsergebnis liegt bei 13 aus 14
Antwortstatistiken
Bundesland Liga Verein % Korrekt
Sachsen 3 Liga Dynamo Dresden
99%
Mecklenburg 3 Liga FC Hansa Rostock
99%
Sachsen 1. BL RB Leipzig
99%
Berlin 1. BL Union Berlin
99%
Sachsen Anhalt 2. BL 1. FC Magdeburg
96%
Thüringen Regionalliga FC Carl Zeiss Jena
94%
Brandenburg 3 Liga FC Energie Cottbus
94%
Thüringen Regionalliga FC Rot Weiß Erfurt
93%
Sachsen Anhalt Regionalliga Hallischer FC
87%
Sachsen Regionalliga Chemnitzer FC
86%
Sachsen 3 Liga FC Erzgebirge Aue
85%
Sachsen Regionalliga FSV Zwickau
78%
Sachsen Regionalliga Lok Leipzig
73%
Sachsen Regionalliga Chemie Leipzig
70%
Keine übereinstimmenden Quizze gefunden
Verteilung der Resultate
Anzahl Personen mit jedem Resultat
Perzentil nach korrekt beantworteten Fragen
Ihre Resultats-Entwicklung
Sie haben dieses Quiz noch nicht gespielt